| 000 | 00950nam a22002897a 4500 | ||
|---|---|---|---|
| 001 | 8166 | ||
| 003 | FISKH | ||
| 005 | 20250829161744.0 | ||
| 008 | 250829b cb ||||| |||| 00| 0 eng d | ||
| 020 | _a9780439862318 | ||
| 040 |
_aFISKH _beng _cFISKH _dFISKH |
||
| 050 | _aPZ7.A49165 N | ||
| 082 | _a488 | ||
| 100 |
_aAmato, Mary _d(1961-) |
||
| 245 |
_aThe naked mole-rat letters / _cMary Amato |
||
| 250 | _aThis edition first published in 2006 | ||
| 260 |
_aNew York : _bScholastic, _c2005 |
||
| 300 |
_a266 pages : _c20 cm |
||
| 505 | _aR | ||
| 520 | _aWhen her father begins a long-distance romance with a Washington, D.C. zookeeper, twelve-year-old Frankie sends fabricated email letters to the zookeeper in an attempt to end the relationship. | ||
| 521 | 8 |
_a670
_bLexile |
|
| 521 | 8 |
_aR
_bRaz-Plus |
|
| 650 |
_2Realistic fiction _aMiddle school |
||
| 650 |
_2Email _aNaked mole rats |
||
| 942 |
_2ddc _cBK _n0 |
||
| 999 |
_c8166 _d8166 |
||